[Event "Sandton SWVG rapid op"]
[Site "Sandton"]
[Date "2019.05.18"]
[Round "4"]
[White "Bucceri, Draven Ricardo"]
[Black "Mwale, Joseph"]
[Result "1-0"]
[WhiteElo "1633"]
[BlackElo "2071"]
[PlyCount "115"]
[EventDate "2019.05.18"]
[EventType "swiss (rapid)"]
[EventRounds "10"]
[EventCountry "RSA"]
[SourceTitle "CBM 190 Extra"]
[Source "ChessBase"]
[SourceDate "2019.07.15"]
[SourceVersion "1"]
[SourceVersionDate "2019.07.15"]
[SourceQuality "1"]

1. d4 Nf6 2. Bf4 e6 3. e3 d5 4. c3 Bd6 5. Bg3 c5 6. Bd3 Nc6 7. Nf3 0-0 8. Ne5 Qc7 9. f4 a6 10. 0-0 b5 11. Bh4 Be7 12. Nd2 b4 13. Rf3 bxc3 14. bxc3 Rb8 15. Bxf6 g6 16. Nxc6 Bxf6 17. Nxb8 Qxb8 18. Rb1 Qc7 19. Rf1 Bd7 20. Nf3 Qa5 21. Qd2 c4 22. Be2 Bb5 23. Rb2 Be7 24. a4 Bc6 25. Ne5 Qc7 26. Rfb1 a5 27. Nxc6 Qxc6 28. Bd1 Bd6 29. Rb6 Qc7 30. Qb2 Qd8 31. Qb5 h5 32. Qc6 Ba3 33. Bf3 h4 34. Rb7 h3 35. g3 Qf6 36. Bxd5 Qf5 37. Be4 Qf6 38. Rb8 Kg7 39. Rxf8 Bxf8 40. Qxc4 Qe7 41. Qb3 e5 42. fxe5 Qg5 43. c4 Bb4 44. c5 Bd2 45. Kf2 Qg4 46. Bf3 Qf5 47. e4 Qd7 48. Qc4 Bb4 49. c6 Qc7 50. Qd5 Qb6 51. Rc1 Bd2 52. Rc2 Bg5 53. c7 Qb1 54. c8Q Be3+ 55. Kxe3 Qe1+ 56. Kf4 g5+ 57. Kf5 g4 58. Qxf7+ 1-0

[Event "Sandton SWVG rapid op"]
[Site "Sandton"]
[Date "2019.05.18"]
[Round "7"]
[White "Masiya, Mfundo"]
[Black "Bucceri, Draven Ricardo"]
[Result "1-0"]
[WhiteElo "1856"]
[BlackElo "1633"]
[PlyCount "36"]
[EventDate "2019.05.18"]
[EventType "swiss (rapid)"]
[EventRounds "10"]
[EventCountry "RSA"]
[SourceTitle "CBM 190 Extra"]
[Source "ChessBase"]
[SourceDate "2019.07.15"]
[SourceVersion "1"]
[SourceVersionDate "2019.07.15"]
[SourceQuality "1"]

1. e4 e6 2. d4 d5 3. Nd2 Nf6 4. e5 Nfd7 5. f4 c5 6. c3 Nc6 7. Ndf3 cxd4 8. cxd4 b5 9. Bd3 Qb6 10. Ne2 a5 11. 0-0 Ba6 12. Kh1 Rc8 13. f5 Nb4 14. Bb1 Qc7 15. fxe6 fxe6 16. Ng5 Qc6 17. Nf4 Be7 18. g3 g6 1-0

[Event "RSA-ch U18"]
[Site "Gauteng"]
[Date "2017.04.05"]
[Round "1"]
[White "Bucceri, Draven Ricardo"]
[Black "Tshabalala, Ernest"]
[Result "0-1"]
[WhiteElo "1606"]
[BlackElo "2003"]
[PlyCount "58"]
[EventDate "2017.04.05"]
[EventType "swiss"]
[EventRounds "11"]
[EventCountry "RSA"]
[SourceTitle "CBM 177 Extra"]
[Source "ChessBase"]
[SourceDate "2017.04.27"]
[SourceVersion "1"]
[SourceVersionDate "2017.04.27"]
[SourceQuality "1"]

1. d4 d5 2. Nc3 Nf6 3. Bg5 Bf5 4. Bxf6 exf6 5. e3 c6 6. Bd3 Bg6 7. Bxg6 fxg6 8. e4 dxe4 9. Nxe4 Be7 10. Nf3 0-0 11. 0-0 Na6 12. c4 f5 13. Nc3 Bf6 14. Qd2 Nc7 15. Rad1 Qd6 16. d5 Rad8 17. Nd4 cxd5 18. cxd5 a6 19. Rfe1 Rfe8 20. Rxe8+ Rxe8 21. Nde2 b5 22. a3 a5 23. Qd3 b4 24. axb4 axb4 25. Nb5 Qxd5 26. Qxd5+ Nxd5 27. Kf1 Rd8 28. b3 Ne3+ 29. fxe3 Rxd1+ 0-1

[Event "Boksburg Inter Region-ch"]
[Site "Boksburg"]
[Date "2016.12.22"]
[Round "6.4"]
[White "Solomons, Deon"]
[Black "Bucceri, Draven Ricardo"]
[Result "1-0"]
[WhiteElo "2105"]
[BlackElo "1621"]
[PlyCount "136"]
[EventDate "2016.12.20"]
[EventType "team-swiss"]
[EventRounds "7"]
[EventCountry "RSA"]
[SourceTitle "CBM 176 Extra"]
[Source "ChessBase"]
[SourceDate "2017.03.02"]
[SourceVersion "1"]
[SourceVersionDate "2017.03.02"]
[SourceQuality "1"]
[WhiteTeam "Chess WP"]
[BlackTeam "Torpedos"]
[WhiteTeamCountry "RSA"]
[BlackTeamCountry "RSA"]

1. Nf3 e6 2. d3 d5 3. g3 Nf6 4. Bg2 c5 5. 0-0 Nc6 6. Nbd2 Be7 7. e4 b6 8. Re1 Bb7 9. e5 Nd7 10. c4 d4 11. h4 Qc7 12. Qe2 a6 13. Nf1 h6 14. N1h2 b5 15. b3 b4 16. Ng4 Nf8 17. Bd2 0-0-0 18. a3 a5 19. axb4 cxb4 20. Bf4 Ng6 21. Bc1 Nf8 22. Bb2 Bc5 23. Nd2 h5 24. Nh2 f6 25. Nhf3 f5 26. Ng5 g6 27. Ndf3 Re8 28. Nh3 Rg8 29. Nf4 Nh7 30. Nh3 Rd8 31. Bc1 Rd7 32. Bf4 Nd8 33. Nfg5 Bxg2 34. Kxg2 Nxg5 35. Nxg5 Kb8 36. Qa2 Nb7 37. Qa4 Re7 38. Nh3 Rc8 39. Bg5 Rg7 40. Bf6 Rgg8 41. f3 Bb6 42. Nf4 Qc6 43. Qa2 Nc5 44. Be7 Rce8 45. Bd6+ Kc8 46. Bxc5 Qxc5 47. Qa4 Kc7 48. Nxg6 Qc6 49. Qxc6+ Kxc6 50. Nf4 Rh8 51. Ra2 Rh6 52. Nh3 Rh7 53. Ng5 Rh6 54. Kf2 Rf8 55. Nh3 Rg6 56. Nf4 Rh6 57. Rea1 Kc5 58. Nh3 Rg6 59. Ng5 Rh6 60. Kg2 Kc6 61. Nh3 Kc5 62. Nf4 Rg8 63. Kh3 Kc6 64. Rg2 Rgh8 65. Rc2 Kc5 66. Ne2 Rd8 67. Kg2 Rg6 68. Kf2 Rd7 1-0

[Event "RSA-ch U16"]
[Site "Bloemfontein"]
[Date "2016.03.26"]
[Round "11"]
[White "De Jager, Luan"]
[Black "Bucceri, Draven Ricardo"]
[Result "1/2-1/2"]
[WhiteElo "1777"]
[BlackElo "1512"]
[PlyCount "47"]
[EventDate "2016.03.20"]
[EventType "swiss"]
[EventRounds "11"]
[EventCountry "RSA"]
[SourceTitle "CBM 171 Extra"]
[Source "ChessBase"]
[SourceDate "2016.04.26"]
[SourceVersion "1"]
[SourceVersionDate "2016.04.26"]
[SourceQuality "1"]

1. e4 e6 2. d4 d5 3. exd5 exd5 4. Bd3 Nc6 5. c3 Bd6 6. Qf3 Nge7 7. Ne2 Be6 8. Bf4 Qd7 9. h3 f6 10. Nd2 0-0-0 11. 0-0-0 Nf5 12. g4 Nfe7 13. Rde1 Rdf8 14. Qg3 Rd8 15. Nb3 Ng6 16. Bxd6 Qxd6 17. Qxd6 Rxd6 18. f4 Bf7 19. f5 Nh4 20. Nf4 g6 21. Nc5 Nd8 22. Re7 b6 23. b3 Rf8 24. Ne2 1/2-1/2

[Event "RSA-ch U16"]
[Site "Bloemfontein"]
[Date "2016.03.24"]
[Round "8"]
[White "Bucceri, Draven Ricardo"]
[Black "Khumalo, Keith"]
[Result "1/2-1/2"]
[WhiteElo "1512"]
[BlackElo "1552"]
[PlyCount "46"]
[EventDate "2016.03.20"]
[EventType "swiss"]
[EventRounds "11"]
[EventCountry "RSA"]
[SourceTitle "CBM 171 Extra"]
[Source "ChessBase"]
[SourceDate "2016.04.26"]
[SourceVersion "1"]
[SourceVersionDate "2016.04.26"]
[SourceQuality "1"]

1. d4 d5 2. Nc3 Nf6 3. Bg5 Nbd7 4. Qd3 h6 5. Bh4 c6 6. e4 Qa5 7. f3 dxe4 8. fxe4 e6 9. a3 Bb4 10. Nge2 e5 11. 0-0-0 Be7 12. Bg3 0-0 13. h3 exd4 14. Nxd4 Nc5 15. Qf3 Be6 16. Nf5 Bxf5 17. Qxf5 g6 18. Qf3 b5 19. Be1 Qc7 20. g4 a5 21. Bg3 Qc8 22. e5 Nh7 23. Bg2 b4 1/2-1/2

[Event "RSA-chT U16"]
[Site "Cape Town"]
[Date "2016.01.06"]
[Round "6.3"]
[White "Chibase, Nkosana"]
[Black "Bucceri, Draven Ricardo"]
[Result "0-1"]
[WhiteElo "1239"]
[BlackElo "1575"]
[PlyCount "30"]
[EventDate "2016.01.04"]
[EventType "team-tourn"]
[EventRounds "7"]
[EventCountry "RSA"]
[SourceTitle "CBM 170 Extra"]
[Source "ChessBase"]
[SourceDate "2016.02.25"]
[SourceVersion "1"]
[SourceVersionDate "2016.02.25"]
[SourceQuality "1"]
[WhiteTeam "Sedibeng"]
[BlackTeam "Tshwane"]
[WhiteTeamCountry "RSA"]
[BlackTeamCountry "RSA"]

1. e4 e6 2. d4 d5 3. exd5 exd5 4. Nc3 Be6 5. Be3 Nc6 6. Nge2 Qe7 7. g3 f6 8. Bg2 g5 9. a3 h5 10. h4 gxh4 11. Rxh4 0-0-0 12. Qd3 Nh6 13. 0-0-0 Re8 14. Bf4 Ng4 15. Rf1 Qd7 0-1

[Event "RSA-ch U16"]
[Site "Waterkloof"]
[Date "2015.04.08"]
[Round "8"]
[White "Springbok, Jason"]
[Black "Bucceri, Draven Ricardo"]
[Result "0-1"]
[WhiteElo "1292"]
[BlackElo "1412"]
[PlyCount "74"]
[EventDate "2015.04.04"]
[EventType "swiss"]
[EventRounds "9"]
[EventCountry "RSA"]
[SourceTitle "CBM 166 Extra"]
[Source "ChessBase"]
[SourceDate "2015.06.18"]
[SourceVersion "1"]
[SourceVersionDate "2015.06.18"]
[SourceQuality "1"]

1. e4 e6 2. Nf3 d5 3. exd5 exd5 4. d4 Bd6 5. g3 Ne7 6. Bg2 Nbc6 7. 0-0 Bg4 8. c3 Qd7 9. Qd3 f6 10. b4 0-0-0 11. a4 Bh3 12. a5 Rdg8 13. Be3 h5 14. Na3 h4 15. Nb5 hxg3 16. Nxd6+ cxd6 17. fxg3 g5 18. b5 Bxg2 19. Kxg2 Nd8 20. Ra2 Qh3+ 21. Kf2 g4 22. Nd2 Qxh2+ 23. Ke1 Qxg3+ 24. Kd1 f5 25. Qe2 Ng6 26. Rxf5 Re8 27. Nf1 Rh1 28. Kd2 Qh4 29. Kc2 g3 30. Kb3 Qe4 31. Rf3 Nh4 32. Rxg3 Qb1+ 33. Rb2 Qxf1 34. Qg4+ Nf5 35. Rf3 Qc4+ 36. Kc2 Qa4+ 37. Kd2 Qd1# 0-1

[Event "RSA-ch U16"]
[Site "Waterkloof"]
[Date "2015.04.07"]
[Round "5"]
[White "Hattingh, Krishna"]
[Black "Bucceri, Draven Ricardo"]
[Result "1-0"]
[WhiteElo "1590"]
[BlackElo "1412"]
[PlyCount "141"]
[EventDate "2015.04.04"]
[EventType "swiss"]
[EventRounds "9"]
[EventCountry "RSA"]
[SourceTitle "CBM 166 Extra"]
[Source "ChessBase"]
[SourceDate "2015.06.18"]
[SourceVersion "1"]
[SourceVersionDate "2015.06.18"]
[SourceQuality "1"]

1. e4 e6 2. d4 d5 3. Nc3 Nf6 4. e5 Nfd7 5. Nf3 c5 6. Be3 cxd4 7. Bxd4 Nc6 8. Bb5 a6 9. Bxc6 bxc6 10. Ne2 Be7 11. c3 c5 12. Be3 Qc7 13. Bf4 Rb8 14. b3 Bb7 15. 0-0 a5 16. Ng3 Ba6 17. Re1 c4 18. Qc2 cxb3 19. axb3 Rc8 20. Qa2 Qxc3 21. Bd2 Qc6 22. Rec1 Qb5 23. Rxc8+ Bxc8 24. Bxa5 Nc5 25. b4 Nd3 26. Rb1 0-0 27. Nd4 Qb7 28. Qe2 Nf4 29. Qg4 Ng6 30. Nh5 f5 31. Qe2 Bd7 32. b5 Rb8 33. Ng3 Bc5 34. Qb2 Bxd4 35. Qxd4 Bxb5 36. Qc5 Nxe5 37. Bc7 Nd7 38. Qd6 Ra8 39. Qxd7 Qc6 40. Qxc6 Bxc6 41. Rb8+ Rxb8 42. Bxb8 Kf7 43. Be5 Bb5 44. f4 g6 45. Kf2 Bd3 46. Ne2 Bxe2 47. Kxe2 Ke7 48. Kd3 Kd7 49. Kc3 Kc6 50. Kb4 h6 51. h4 h5 52. g3 d4 53. Kc4 d3 54. Kxd3 Kd5 55. Bd4 Kd6 56. Kc4 Kc6 57. Be5 Kb6 58. Kd4 Kc6 59. Bb8 Kd7 60. Ke5 Ke7 61. Ba7 Kf7 62. Bc5 Kg8 63. Kxe6 Kg7 64. Bd4+ Kh7 65. Kf7 g5 66. hxg5 h4 67. g6+ Kh6 68. g7 hxg3 69. g8Q Kh5 70. Bf6 g2 71. Qg5# 1-0

[Event "RSA-ch U16"]
[Site "Waterkloof"]
[Date "2015.04.06"]
[Round "4"]
[White "Bucceri, Draven Ricardo"]
[Black "Marais, Daniel Petrus"]
[Result "1-0"]
[WhiteElo "1412"]
[BlackElo "1688"]
[PlyCount "63"]
[EventDate "2015.04.04"]
[EventType "swiss"]
[EventRounds "9"]
[EventCountry "RSA"]
[SourceTitle "CBM 166 Extra"]
[Source "ChessBase"]
[SourceDate "2015.06.18"]
[SourceVersion "1"]
[SourceVersionDate "2015.06.18"]
[SourceQuality "1"]

1. d4 d5 2. Nf3 Nf6 3. Bg5 Ne4 4. Bh4 Qd6 5. c3 Qh6 6. Nbd2 g5 7. Bg3 Nxg3 8. fxg3 e6 9. e4 dxe4 10. Nxe4 g4 11. Ne5 f5 12. Nd2 Nd7 13. Ndc4 c5 14. Be2 Nf6 15. Qb3 Ne4 16. Rd1 Be7 17. Qb5+ Kf8 18. 0-0 Kg7 19. Rf4 Bg5 20. Rff1 Be3+ 21. Nxe3 Qxe3+ 22. Kh1 Nf2+ 23. Rxf2 Qxf2 24. Qxc5 Rf8 25. Qe7+ Kg8 26. Bc4 Qc2 27. Rf1 Qa4 28. Nxg4 Bd7 29. Bxe6+ Bxe6 30. Qxe6+ Kh8 31. Qe5+ Kg8 32. Nh6# 1-0

[Event "RSA-ch U16"]
[Site "Waterkloof"]
[Date "2015.04.04"]
[Round "2"]
[White "Bucceri, Draven Ricardo"]
[Black "Prinsloo, Marthinus Philippus"]
[Result "1-0"]
[WhiteElo "1412"]
[BlackElo "1563"]
[PlyCount "65"]
[EventDate "2015.04.04"]
[EventType "swiss"]
[EventRounds "9"]
[EventCountry "RSA"]
[SourceTitle "CBM 166 Extra"]
[Source "ChessBase"]
[SourceDate "2015.06.18"]
[SourceVersion "1"]
[SourceVersionDate "2015.06.18"]
[SourceQuality "1"]

1. d4 Nf6 2. Nf3 c5 3. c3 cxd4 4. cxd4 d5 5. Bg5 Bg4 6. e3 Nc6 7. Bd3 e6 8. Nbd2 Be7 9. Qe2 0-0 10. h3 Bh5 11. h4 Rc8 12. Bxf6 Bxf6 13. Bxh7+ Kxh7 14. Ng5+ Kh6 15. g4 Bg6 16. f4 Nb4 17. h5 Bd3 18. Qf3 Bxg5 19. fxg5+ Qxg5 20. Rd1 Bc2 21. Ra1 Be4 22. Nxe4 dxe4 23. Qxe4 Nc2+ 24. Kd2 Nxa1 25. Rxa1 Qa5+ 26. Kd3 Qb5+ 27. Kd2 Qb4+ 28. Kd3 Qc4+ 29. Kd2 Qc7 30. g5+ Kxg5 31. Rg1+ Kf6 32. Qh4+ g5 33. Qxg5# 1-0